000
00217nam a2200085Ia 4500
245
0
_a
Fire and sword
100
_a
SCARROW, Simon London, 2009
_9
81677
942
_c
BK
008
210817s9999 xx 000 0 und d
999
_c
433066
_d
433065